00471nam a2200205Ia 4500003000400000005001700004008004100021020002200062040000700084041000800091082001500099100002400114245001900138250000600157260004700163300001400210365001400224650001100238650001600249OSt20230519094215.0210423s2008 xx 000 0 und d a978-0-521-14144-4 cAL aeng a589.3 LEEP aLEE (Robert Edward) aPhycology Ed 4 a4 aNew YorkbCambridge University Pressc2008 ax,547bPB b1199cINR aBotany aThallophyta